|
|
|
|
| LEADER |
00000nam a2200000 a 4500 |
| 001 |
vtls011595547 |
| 003 |
SK-MaSNL |
| 005 |
20260426015712.0 |
| 008 |
240314s2016 xo oac g n 001 0dslo |
| 015 |
|
|
|a SNBA2017/09
|
| 020 |
|
|
|a 9788081019401
|q (viaz.)
|
| 035 |
|
|
|a urn:nbn:sk:snk-am00dhg1
|
| 035 |
|
|
|a urn:nbn:sk:snk-am3i2ds
|
| 035 |
|
|
|a 7A18E30E-0D99-4607-BCAD-5A511635F63F
|
| 040 |
|
|
|a SNK
|b slo
|c SNK
|e AACR2
|
| 041 |
1 |
|
|a slo
|h hun
|
| 043 |
|
|
|a e-hu---
|a e-xo---
|
| 044 |
|
|
|a xo
|c SK
|
| 072 |
|
7 |
|a 929
|x Biografie
|2 konspekt
|
| 072 |
|
7 |
|a 32
|x Politika
|2 konspekt
|
| 080 |
|
|
|a 316.72/.75
|2 2011
|
| 080 |
|
|
|a 323
|2 2011
|
| 080 |
|
|
|a 929.7
|2 2011
|
| 080 |
|
|
|a (437.6)
|2 2011
|
| 080 |
|
|
|a (439)
|2 2011
|
| 080 |
|
|
|a (092)
|2 2011
|
| 080 |
|
|
|a 328/329
|2 2011
|
| 080 |
|
|
|a 329.73
|2 2011
|
| 080 |
|
|
|a (048.8)
|2 2011
|
| 100 |
1 |
|
|a Demmel, József,
|d 1982-
|4 aut
|9 123809
|
| 240 |
1 |
0 |
|a Pánslzávok a kastélyban
|l Slovensky
|
| 245 |
1 |
0 |
|a Panslávi v kaštieli
|b zabudnutý príbeh slovenského národného hnutia
|c József Demmel ; [z maďarského originálu preložila Galina Sándorová]
|
| 250 |
|
|
|a 1. vyd.
|
| 260 |
|
|
|a Bratislava
|b Kalligram
|c 2016
|
| 300 |
|
|
|a 240 s.
|b fotogr., ilustr., portr.
|c 22 cm
|
| 504 |
|
|
|a Bibliogr.: s. 211-233 ; bibliogr. odkazy ; men. reg. ; pozn.
|
| 600 |
1 |
7 |
|a Just, Jozef,
|d 1809-1875
|2 SNKMA
|9 170652
|
| 648 |
|
7 |
|a 19. stor.
|2 SNKPH
|9 278793
|
| 648 |
|
7 |
|a 19th century
|2 SNKPHeng
|9 306372
|
| 650 |
0 |
7 |
|a kultúra a spoločnosť
|2 SNKPH
|9 4083
|
| 650 |
0 |
7 |
|a spoločnosť a politika
|2 SNKPH
|9 1526
|
| 650 |
0 |
7 |
|a šľachta
|2 SNKPH
|9 28113
|
| 650 |
0 |
7 |
|a politici
|2 SNKPH
|9 2679
|
| 650 |
0 |
7 |
|a Culture and society
|2 SNKPHeng
|9 265089
|
| 650 |
0 |
7 |
|a Society and policy
|2 SNKPHeng
|9 299290
|
| 650 |
0 |
7 |
|a Nobility
|2 SNKPHeng
|9 280361
|
| 650 |
0 |
7 |
|a Politicians
|2 SNKPHeng
|9 281560
|
| 650 |
0 |
7 |
|a národné hnutie
|2 SNKPH
|9 71486
|
| 650 |
0 |
7 |
|a Nationalist movement
|2 SNKPHeng
|9 298642
|
| 651 |
|
7 |
|a Uhorsko
|x politika a vláda
|2 SNKPH
|9 433328
|
| 651 |
|
7 |
|a Slovakia
|2 SNKPHeng
|9 92630
|
| 651 |
|
7 |
|a Hungary
|x politics and government
|2 SNKPHeng
|9 287889
|
| 651 |
|
7 |
|a Slovensko
|2 SNKPH
|9 14231
|
| 651 |
|
7 |
|a Slovensko
|x politika a vláda
|2 SNKPH
|9 312415
|
| 651 |
|
7 |
|a Uhorsko
|2 SNKPH
|9 28673
|
| 651 |
|
7 |
|a Slovakia
|x politics and government
|2 SNKPHeng
|9 314005
|
| 651 |
|
7 |
|a Hungary
|2 SNKPHeng
|9 265263
|
| 655 |
|
7 |
|a biografie
|2 SNKPH
|9 27965
|
| 655 |
|
7 |
|a Biography
|2 SNKPHeng
|9 266314
|
| 655 |
|
7 |
|a monografie
|2 SNKPH
|9 70139
|
| 655 |
|
7 |
|a Monographs
|2 SNKPHeng
|9 120675
|
| 700 |
1 |
|
|a Sándorová, Galina
|4 trl
|9 13156
|
| 852 |
|
|
|a Štátna vedecká knižnica v Banskej Bystrici
|
| 919 |
|
|
|a 978-80-8101-940-1
|
| 958 |
|
|
|a BX
|
| 958 |
|
|
|a NB
|
| 958 |
|
|
|a HU
|
| 999 |
|
|
|c 1191613
|d 1193543
|
| 952 |
|
|
|a SNK
|b SNK
|y PREZ
|7 0
|p 17A1270564
|o snkSC 175949
|i snk2017/18710
|8 0
|0 0
|1 0
|4 0
|d 2017-08-22
|f 1
|l 0
|r 2025-09-17 00:00:00
|w 2026-02-24
|